Phrases cultes: paroles de pouvoir - Statistiques

Statistiques générales
  • Ce quiz a été pris 209 fois
  • Le résultat moyen est 5 sur 10
Statistiques - réponses
Citations Indices Personne l'ayant prononcée % Correct
L'Etat, c'est moi. En 1655, la réplique du jeune roi est sans équivoque face à des désaccords de grands nobles Louis XIV
94%
Croit-on qu'à soixante-sept ans, je vais commencer une carrière de dictateur? Le 19 mai 1958, il tente de rassurer les journalistes inquiets de l'indépendance de l'Algérie Charles De Gaulle
89%
Je commande; il exécute. Moment de tension entre le président et le ministre de l'économie lors de la conférence de presse du 14 juillet 2004 Jacques Chirac
82%
La révolution n'est pas un dîner de gala. Relevée pour la première fois en 1927, cette formule claire est inscrite dans le fameux petit livre rouge Mao Zedong
56%
Les hommes seront toujours assez simples et assez pressés par les besoins présents pour que celui qui veut tromper trouve toujours des dupes. On retrouve ces mots dans Le Prince, écrit en 1513 en prison, qui seront repris par Jacques Chirac... Nicolas Machiavel
54%
De l'audace, encore de l'audace, toujours de l'audace. Discours du ministre de la justice le 2 septembre 1792 pour galvaniser les députés de la Convention Georges Danton
47%
Il y a deux organes inutiles: la prostate et la présidence de la République. Le 16 janvier 1920, il retire sa candidature à la présidence de la République, certain de sa défaite. Georges Clemenceau
44%
Il ne faut pas s'affliger et se rendre malade. Au reste, après nous, le déluge. En 1757, la guerre de sept ans est perdue, la maîtresse de Louis XV tente de le consoler Marquise de Pompadour
39%
Un ministre, ça ferme ça gueule ou ça démissionne. Ministre de la guerre qui démissionne en janvier 1991 pour protester contre la première guerre du Golfe Jean-Pierre Chevènement
21%
Il faut rendre à César ce qui est à César Selon les Evangiles, les Pharisiens essaient de le piéger pour qu'il prouve son hostilité aux Romains Jésus Christ
18%
Aucun quiz correspondant
Distribution des résultats
% des personnes avec chaque résultat
Percentile par nombre de réponses
Votre historique - résultats
Vous n’avez pas pris ce quiz